ბათუმის შოთა რუსთაველის სახელმწიფო უნივერსიტეტის ბიბლიოთეკა

ჩანაწერი Corporate Name

ჩანაწერთა რაოდენობა, რომელიც გამოყენებულია: 1

001 - CONTROL NUMBER

  • control field: 14295

003 - CONTROL NUMBER IDENTIFIER

  • control field: GE_BSU

005 - DATE AND TIME OF LATEST TRANSACTION

  • control field: 20220705131513.0

008 - FIXED-LENGTH DATA ELEMENTS

  • fixed length control field: 220705|| aca||aabn | a|a d

040 ## - CATALOGING SOURCE

  • Original cataloging agency: GE_BSU
  • Transcribing agency: GE_BSU

110 ## - HEADING--CORPORATE NAME

  • Corporate name or jurisdiction name as entry element: სოხუმის სუბტროპიკული მეურნეობის სასწავლო უნივერსიტეტი

670 ## - SOURCE DATA FOUND

  • Source citation: Work cat.: (GE_BSU)58717: საერთაშორისო სამეცნიერო-პრაქტიკული კონფერენცია "სუბტროპიკული ზონის დარგების პრობლემები და მათი გადაჭრის გზები" = International scientific-practical conference "The problems of subtropical zone fields and their solutions" :